000 00962cam a22002897a 4500
003 CHAP
005 20220329141119.0
008 971010s1980 mx r 00010 spa d
010 _a62805
011 _a63777
035 _a68124
040 _cCHAP
082 0 4 _a301.444
_bR6Y
100 0 0 _aRoberts, Bryan.
_997908
245 1 0 _aCiudades de campesinos
_b: la economía política de la urbanización en el Tercer Mundo
_c/por Bryan Roberts
260 _aMéxico, D.F. :
_bSiglo XXI,
_c1980
300 _a303 p.
590 _aBATCH-UPD
_b10
_c20130110
_lUCH01
_h0726
590 _aBATCH-UPD
_b10
_c20130410
_lUCH01
_h0410
590 _aBATCH-UPD
_b10
_c20130914
_lUCH01
_h0828
590 _aCONVERSION
_b10
_c20130109
_lUCH01
_h1334
650 0 4 _aCampesinado
_xPaíses subdesarrollados.
_918031
650 0 4 _aUrbanismo
_xPaíses subdesarrollados.
_9116842
901 _aBK
942 _cLIBRO
949 _a301.444 R6Y
_bBC
_cLIBRO
_d33724000284576
_eLIBRO
_h58337
_i68124
_si
999 _c62805
_d62805